Регионална библиотека "Любен Каравелов" - Русе

Трънски разкази (Запис номер 72444)

MARC детайли
000 -Лидер
Контролно поле с фиксирана дължина 01035nam a2200289 c 4500
003 - Код на организацията, давaща контролен номер
Контролно поле BLK
005 - Дата и час на последна редакция
Контролно поле 20220523162108.0
008 - Елементи от данни с фиксирана дължина
fixed length control field 180408b bul|||||r ||||||| ||bul||
010 ## - Наследен системен номер
LC control number KNG00076819000
020 ## - Международен стандартен номер на книга ISBN
Международен стандартен номер на книга ISBN 954-9337-17-0
-- издат.: Сдружение Словото
040 ## - Източник на каталожния запис
Идентификатор на билиотеката - собственик на записа BLK
041 ## - Код за език
Код за езика на текст/звукозапис или на отделно заглавие Български
Код за езика КДБФ Български
080 ## - УДК
Текстов определител УДК Българска литература
УДК код - определител по УДК 821.163.2
УДК определител -32
УДК - код + определител 821.163.2-32
100 1# - Редна дума - Автор
Автор Делчев, Петър
Авторска отговорност първи автор
R(LIN) 293955
139 ## - Редно поле
Редна дума Делчев, Петър
Авторски знак Делч - Д 39
245 10 - Сведения за заглавието
Заглавие Трънски разкази
Редно поле (дума) Петър Делчев.
257 ## - Страна на издаване
Страна на създаване/издаване България
260 ## - Област на издателските данни
-- София
Име на издателя, разпространителя и проч. Сдружение Словото
Година на издаване 2006
300 ## - Физическа характеристика
Страници 119 с.
Размери/Мащаб 20 см
380 ## - Жанр
Жанр Худож. лит.
500 ## - Общи забележки
Забележка Съдържа и Земята и Земята на вълците / Александър Чакъров
852 ## - Местоположение
Форматна сигнатура Цб 235034
856 4# - Електронен адрес и достъп
Електронен формат pdf - файл
Път до файла /url/
856 4# - Електронен адрес и достъп
Електронен формат pdf - файл
Път до файла /url/
942 ## - АРТИКУЛИ
Вид на библиотечния материал Книги
Скрит в OPAC Не
Koha issues (borrowed), all copies 5
944 ## - СЪЗДАВАНЕ И РЕДАКЦИЯ на ЗАПИСА
Създаване/Редакция Създаване
Дата на регистрацията/редакция 01.08.2007
Служител, извършил регистрацията/редакцията Цветанка_Енчева
944 ## - СЪЗДАВАНЕ И РЕДАКЦИЯ на ЗАПИСА
Създаване/Редакция Редакция
Дата на регистрацията/редакция 18.02.2015
Служител, извършил регистрацията/редакцията Виолета_Тройчева
999 ## - СИСТЕМНИ КОНТРОЛНИ НОМЕРА
Koha biblionumber 72444
Koha biblioitemnumber 72444
Наличности
Код за отписване Код за изгубен артикул Код за повреда Коз за рестрикции Код за отдаване Артикулен № Име на библиотеката - собственик Име на библиотеката, в която се намира в момента Статус (Текущо местоположение) Дата на вписване в системата Местоположение - отдел Цена в лева Инвентарен номер Систематично азбучна сигнатура Баркод Номер на екземпляра Цена в евро Служебна бележка Служебен тип на артикула
  Не е изгубен Не е повреден без рестрикции ползва се в читалня 117989 Регионална библиотека "Любен Каравелов" Русе Регионална библиотека "Любен Каравелов" Русе Хранилище 2007-08-01 Хранилище 6.00 120000715955 Цб 235034 120000715955 1 3.07 Дост: Dp Вид: Д N: 9 Дата: 08.02.2007 Книги
  Не е изгубен Не е повреден без рестрикции заемане за дома 117990 Регионална библиотека "Любен Каравелов" Русе Регионална библиотека "Любен Каравелов" Русе Заемна - подръчен фонд 2007-10-10 Заемна - подръчен фонд 6.00 120000717865 П 886.7-32/Д 39 120000717865 2 3.07 Дост: Pk Вид: Ф N: 9217 Дата: 01.10.2007 Дата инв: 13.02.2018 Бележки инв: П2018 Книги
Vip Innovations Ltd, Rousse, Bulgaria 2025